000 00569nam a2200193Ia 4500
003 GCL
008 140319s9999 xx 000 0 ara d
040 _aGCL /
_cGCL
082 0 4 _aط
_b530
_bب أ
100 1 _aباركر، برثا موريس
245 1 0 _aالالات /
_cباركر، برثا موريس
700 1 _aمحمد صابر سليم
700 1 _aكرم كامل ابراهيم
300 _a36 ص
490 _aمجموعة الكتب العلمية المبسطة
_v0
650 0 4 _aالفيزياء
650 0 4 _aالالات
942 _2ddc
_cBK
999 _c51325
_d51325